Państwa bez rzek. - Statystyki

Ogólne statystyki
  • Ten quiz został rozwiązany 89 razy
  • Średni wynik to 9 z 17
Statystyki odpowiedzi
Kontynent KRAJ % Poprawnych
Europa Watykan
95%
Europa Monako
82%
Azja Katar
68%
Azja Arabia Saudyjska
66%
Azja Oman
64%
Azja Jemen
62%
Azja Kuwejt
58%
Oceania Nauru
58%
Azja Bahrajn
55%
Europa Malta
55%
Azja Zjednoczone Emiraty Arabskie
53%
Oceania Tuvalu
50%
Oceania Wyspy Marshalla
43%
Oceania Kiribati
39%
Azja Malediwy
38%
Afryka Komory
30%
Ameryka Północna Bahamy
28%
Nie znaleziono quizów pasujących do podanych kryteriów
Rozkład punktacji
Procent ludzi z każdym wynikiem
Percentyl według liczby udzielonych odpowiedzi
Twoja historia wyników
Nie rozwiązałeś tego quizu